<?xml version="1.0" encoding="UTF-8"?>
<record
    xmlns:xsi="http://www.w3.org/2001/XMLSchema-instance"
    xsi:schemaLocation="http://www.loc.gov/MARC21/slim http://www.loc.gov/standards/marcxml/schema/MARC21slim.xsd"
    xmlns="http://www.loc.gov/MARC21/slim">

  <leader>02237nam a2200337 a 4500</leader>
  <controlfield tag="001">000017856</controlfield>
  <controlfield tag="003">OSt</controlfield>
  <controlfield tag="005">20240410073848.0</controlfield>
  <controlfield tag="008">100406t2001  dr c          001 0bspa d</controlfield>
  <datafield tag="040" ind1=" " ind2=" ">
    <subfield code="a">DO-SdBNP</subfield>
    <subfield code="b">spa</subfield>
    <subfield code="c">DO-SdBNP</subfield>
  </datafield>
  <datafield tag="049" ind1=" " ind2=" ">
    <subfield code="a"> </subfield>
  </datafield>
  <datafield tag="082" ind1=" " ind2=" ">
    <subfield code="a">923.27293</subfield>
    <subfield code="b">D812a,2001</subfield>
  </datafield>
  <datafield tag="100" ind1="1" ind2=" ">
    <subfield code="a">Acosta Pi&#xF1;a, Carlos An&#xED;bal</subfield>
    <subfield code="9">38735</subfield>
  </datafield>
  <datafield tag="245" ind1="1" ind2="3">
    <subfield code="a">El general Duarte /</subfield>
    <subfield code="c">Carlos A. Acosta Pi&#xF1;a ; presentaci&#xF3;n J. Alfonso Lockward P. ; pr&#xF3;logo C&#xE9;sar de Windt Lavandier.</subfield>
  </datafield>
  <datafield tag="250" ind1=" " ind2=" ">
    <subfield code="a">2a. ed.</subfield>
  </datafield>
  <datafield tag="260" ind1=" " ind2=" ">
    <subfield code="a">Santo Domingo :</subfield>
    <subfield code="b">Instituto Duartiano,</subfield>
    <subfield code="c">2001</subfield>
  </datafield>
  <datafield tag="300" ind1=" " ind2=" ">
    <subfield code="a">573 p. ;</subfield>
    <subfield code="c">il., retrs.</subfield>
    <subfield code="c">22 cm.</subfield>
  </datafield>
  <datafield tag="490" ind1="1" ind2=" ">
    <subfield code="a">Duartiana</subfield>
    <subfield code="v">9</subfield>
  </datafield>
  <datafield tag="500" ind1=" " ind2=" ">
    <subfield code="a">Incluye &#xED;ndice de personas, lugares y materias.</subfield>
  </datafield>
  <datafield tag="500" ind1=" " ind2=" ">
    <subfield code="a">Incluye datos biogr&#xE1;ficos del autor en la contracubierta</subfield>
  </datafield>
  <datafield tag="504" ind1=" " ind2=" ">
    <subfield code="a">Bibliograf&#xED;a : p. 572-573.</subfield>
  </datafield>
  <datafield tag="505" ind1="0" ind2=" ">
    <subfield code="g">Presentaci&#xF3;n /</subfield>
    <subfield code="r">J. Alfonso Lockward P. --</subfield>
    <subfield code="t">Pr&#xF3;logo /</subfield>
    <subfield code="r">C&#xE9;sar de Windt Lavandier --</subfield>
    <subfield code="t">Busto del General Juan Pablo Duarte, frente a la entrada principal del Hospital Militar "Dr. Enrique W. Lightgow Ceara", E.N. en la ciudad de Santo Domingo --</subfield>
    <subfield code="t">Introducci&#xF3;n --</subfield>
    <subfield code="t">El cabo Duarte --</subfield>
    <subfield code="t">El ej&#xE9;rcito secreto --</subfield>
    <subfield code="t">En la revoluci&#xF3;n de "La Reforma" --</subfield>
    <subfield code="t">Ascenso a Coronel --</subfield>
    <subfield code="t">Plan de desembarco en Guayacanes --</subfield>
    <subfield code="t">El ej&#xE9;rcito haitiano --</subfield>
    <subfield code="t">El Ej&#xE9;rcito Libertador Dominicano --</subfield>
    <subfield code="t">General de Brigada del ej&#xE9;rcito --</subfield>
    <subfield code="t">La marina en los planes de Duarte --</subfield>
    <subfield code="t">En el frente de batalla del Sur --</subfield>
    <subfield code="t">Solicitud de ascenso --</subfield>
    <subfield code="t">L&#xED;der del movimiento armado del 9 de junio --</subfield>
    <subfield code="t">Delegado del gobierno en el Cibao --</subfield>
    <subfield code="t">Proclamado Presidente de la Rep&#xFA;blica --</subfield>
    <subfield code="t">Destituci&#xF3;n y destierro --</subfield>
    <subfield code="t">Reglamentaci&#xF3;n del Ej&#xE9;rcito y la Guardia Nacional --</subfield>
    <subfield code="t">Dos personalidades diferentes (Duarte y Santana) --</subfield>
    <subfield code="t">En la guerra restauradora --</subfield>
    <subfield code="t">El ej&#xE9;rcito libertador dominicano y la Guerra de Cuba --</subfield>
    <subfield code="g">Concluiones --</subfield>
    <subfield code="g">Anexos --</subfield>
    <subfield code="g">Mapas y planos --</subfield>
    <subfield code="g">Indice de personas, lugares y materias --</subfield>
    <subfield code="g">Bibliograf&#xED;as.</subfield>
  </datafield>
  <datafield tag="600" ind1="1" ind2="0">
    <subfield code="a">Duarte, Juan Pablo,   </subfield>
    <subfield code="d">1813-1876</subfield>
    <subfield code="9">1494</subfield>
  </datafield>
  <datafield tag="651" ind1=" " ind2="0">
    <subfield code="a">Rep&#xFA;blica Dominicana --</subfield>
    <subfield code="x">Historia --</subfield>
    <subfield code="y">1844-1930</subfield>
    <subfield code="9">1009</subfield>
  </datafield>
  <datafield tag="700" ind1="1" ind2=" ">
    <subfield code="a">Lockward P&#xE9;rez, Jorge Alfonso,</subfield>
    <subfield code="d">1937-2001</subfield>
    <subfield code="9">2059</subfield>
  </datafield>
  <datafield tag="700" ind1="1" ind2=" ">
    <subfield code="a">Windt Lavandier, C&#xE9;sar de,</subfield>
    <subfield code="e">pr&#xF3;l.</subfield>
    <subfield code="9">38736</subfield>
  </datafield>
  <datafield tag="830" ind1=" " ind2="0">
    <subfield code="a">Duartiana</subfield>
    <subfield code="n">9</subfield>
    <subfield code="9">38768</subfield>
  </datafield>
  <datafield tag="910" ind1=" " ind2=" ">
    <subfield code="a"> </subfield>
  </datafield>
  <datafield tag="942" ind1=" " ind2=" ">
    <subfield code="2">ddc</subfield>
    <subfield code="c">LBS1</subfield>
  </datafield>
  <datafield tag="952" ind1=" " ind2=" ">
    <subfield code="0">0</subfield>
    <subfield code="1">0</subfield>
    <subfield code="2">ddc</subfield>
    <subfield code="5">1</subfield>
    <subfield code="7">1</subfield>
    <subfield code="8">MO</subfield>
    <subfield code="a">BNPHU</subfield>
    <subfield code="b">PD</subfield>
    <subfield code="d">2020-10-15</subfield>
    <subfield code="e">Reyes Duluc</subfield>
    <subfield code="l">0</subfield>
    <subfield code="o">923.27293 D812a, 2001</subfield>
    <subfield code="p">2020-0165</subfield>
    <subfield code="r">2020-10-15</subfield>
    <subfield code="w">2020-10-15</subfield>
    <subfield code="y">LBS1</subfield>
    <subfield code="z">Perteneci&#xF3; a la biblioteca personal de  la familia Reyes Duluc</subfield>
  </datafield>
  <datafield tag="956" ind1=" " ind2=" ">
    <subfield code="a">VMateo</subfield>
  </datafield>
  <datafield tag="999" ind1=" " ind2=" ">
    <subfield code="c">48897</subfield>
    <subfield code="d">48897</subfield>
  </datafield>
</record>
